Таємні рани провин (Запис № 18595)

000 -Маркер запису
Контрольне поле сталої довжини 01821nam a22002657a 4500
003 - Належність контрольного номера
Контрольне поле Uzh_bibl
008 - Кодовані дані
Контрольне поле сталої довжини 250623b |||||||| |||| 00| 0 ukr d
020 ## - Індекс ISBN
ISBN 5-7707-6172-5
Ціна 4.00
040 ## - Джерело каталогіз.
Код мови каталог. укр.
041 ## - Код мови видання
Код мови оригіналу українська
Код мови тексту українська
080 ## - Індекс УДК
Індекс УДК 821(477)
090 ## - Шифри
Поличний індекс 821(477)
Авторський знак Г 85
100 ## - Автор
Автор Грицюк, Степан
245 ## - Назва
Назва Таємні рани провин
Відповідальність Передм. М.Стеблини
Фізичний носій Текст
260 ## - Вихідні дані
Місце видання Київ
Видавництво Видавничо-виробнича фірма "Котигорошко" ЛТД
Дата видання 1994
300 ## - Фізичний опис
Обсяг 428 с.
Тип одиниці В опр.
490 ## - Серія
Назва серії Серія "Шкільна бібліотека"
520 ## - Анотація
Анотація Гостросюжетні повісті Степана Грицюка, що виходять під загальною назвою «Таємні рани провин», приваблюють оригінальною манерою письма, цікавими неординарними характерами, несподіваними ситуаціями й колізіями. Вони читаються, що називається, за одним подихом. Автор майстерно відтворює живу навколишню дійсність, показує у, здавалось би, рядовому, приземленому явищі складні морально-етичні й суспільні проблеми.
521 ## - Примітка про цільове призначення
Примітка про цільове призначення Для широкого кола читачів
546 ## - Примітка про мову
Примітка про мову укр.
650 ## - Тематичні рубрики
Основна рубрика Літературно-художнє видання
Хронологічна підрубрика Сучасність (кінець XX століття)
Основна підрубрика Україна
653 ## - Ключові слова
Ключові слова Провина
-- Совість
-- Злочин
-- Каяття
-- Мораль
655 ## - Термін індексування — жанр/форма
Жанр/форма Гостросюжетні повісті
Типове ділення Повісті
942 ## - ADDED ENTRY ELEMENTS (KOHA)
Джерело класифікації чи схема поличного розташування
Koha item type Книги
Фонди
Статус вилучення Статус втрати/відсутності Джерело класифікації чи схема поличного розташування Статус пошкодження Тип обігу (не для випозичання) Постійне розташування Поточне розташування Розташування у відділі Дата надходження Інвентарний номер Total Checkouts Повний (примірниковий) шифр зберігання Штрих-код Date last seen Дата, для якої чинна ціна заміни Тип одиниці (рівень примірника)
          Публічна бібліотека Публічна бібліотека Абонемент 29/06/2026 53189   821(477) 20632 29/06/2026 29/06/2026 Книги

Працює на АБІС Коха